000 01265cam a22003014a 4500
001 13450510
003 OSt
005 20210414113843.0
008 040106s2005 maua b 001 0 eng
010 _a 2004100112
020 _a0072965037
035 _a(DLC) 2004100112
040 _aDLC
_cDLC
042 _apcc
050 0 0 _aBF121.F34
082 0 0 _a150
_221
100 1 _aFeldman, Robert S.
_q(Robert Stephen),
_d1947-
245 1 0 _aEssentials of understanding psychology /
_cRobert S. Feldman.
250 _a6th ed.
260 _aBoston :
_bMcGraw-Hill,
_cc2005.
300 _axxxv, 563 p. :
_bill. (some col.) ;
_c28 cm.
504 _aIncludes bibliographical references and indexes.
505 _aContents: Introduction to psychology -- Neuroscience and behavior -- Sensation and perception -- States of consciousness -- Learning -- Memory -- Thinking, language, and intelligence -- Motivation and emotion -- Development -- Personality -- Health psychology: Stress, coping and well-being -- Psychological disorders -- Treatment of psychological disorders -- Social psychology -- Glossary.
650 0 _aPsychology
_vTextbooks.
906 _a7
_bcbc
_corignew
_d2
_eepcn
_f20
_gy-gencatlg
942 _2lcc
_cBK
999 _c78
_d7578